MARC

LEADER 00000nam0a2200000 4500
001 223986
005 20231101230548.0
010 |a 5279001961 
020 |a RU  |b 89-29721 
035 |a (RuTPU)RU\TPU\book\244260 
090 |a 223986 
100 |a 20121017d1989 m a0rusy5003 ca 
101 0 |a rus 
102 |a RU 
105 |a y z 001zy 
200 1 |a Учет затрат и калькулирование в промышленности: вопросы теории, методологии и организации  |f П. С. Безруких, А. Н. Кашаев, И. П. Комиссарова 
210 |a Москва  |c Финансы и статистика  |d 1989 
215 |a 223 с.  |d 22 см 
320 |a Библиогр.: с. 219-222 (90 назв.). 
606 1 |a Издержки в промышленности  |2 stltpush  |3 (RuTPU)RU\TPU\subj\12224  |9 39050 
610 1 |a промышленность 
610 1 |a промышленная продукция 
610 1 |a себестоимость 
610 1 |a учет 
610 1 |a калькуляция 
610 1 |a калькулирование 
610 1 |a методология 
610 1 |a организация 
610 1 |a затраты 
675 |a 657.47  |z rus  |v 3 
700 1 |a Безруких  |b П. С.  |g Петр Степанович  |4 070 
701 1 |a Кашаев  |b А. Н.  |g Алексей Николаевич 
701 1 |a Комиссарова  |b И. П.  |g Ирина Петровна 
801 0 |a RU  |b RuMRKP  |c 19950417  |g psbo 
801 1 |a RU  |b 63413507  |c 20121017 
801 2 |a RU  |b 63413507  |c 20170131  |g RCR 
942 |c BK